|
|
|
|
| LEADER |
00000nam a2200000 a 4500 |
| 001 |
vtls008153762 |
| 003 |
SK-MaSNL |
| 005 |
20260301140928.0 |
| 008 |
240313 000 0 eng |
| 040 |
|
|
|a SNK
|b slo
|c SNK
|e AACR2
|
| 100 |
1 |
|
|a Navrátil, Michal
|4 aut
|9 494239
|
| 245 |
1 |
|
|a Almanach českých lékařů
|
| 260 |
|
|
|a Praha
|b Michal Navrátil
|c 1913
|
| 300 |
|
|
|a 208 s.
|
| 999 |
|
|
|c 765475
|d 767405
|
| 952 |
|
|
|a SNK
|b SNK
|y VYP
|7 0
|p 17A0469447
|o snkSC 26922 D1
|i snkF 4383/75
|3 rekatalogizácia
|0 0
|1 0
|4 0
|d 2005-05-13
|l 0
|r 2026-02-24 00:17:44
|w 2026-02-24
|
| 952 |
|
|
|a SNK
|b SNK
|y PREZ
|7 0
|p 17A0938480
|o snkSC 26922
|0 0
|1 0
|4 0
|d 2012-08-28
|l 0
|r 2025-09-11 00:00:00
|w 2026-02-24
|